F1 2025 SEASON THINGS - Statistics

General Stats
  • This quiz has been taken 51 times
    49 since last reset
  • The average score is 44 of 74
Answer Stats
Hint Answer % Correct
NAME OF TEAM McLaren
97%
COLOUR Blue
87%
COLOUR blue
87%
NAME OF TEAM Ferrari
87%
NAME OF TEAM Mercedes
87%
DRIVER 1 Norris
87%
DRIVER 2 Piastri
87%
COLOUR Red
87%
DRIVER 2 Antonelli
83%
DRIVER 2 Hamilton
83%
DRIVER 1 Leclerc
83%
NAME OF TEAM Red Bull
83%
DRIVER 1 Russell
83%
DRIVER 1 Verstappen
83%
DRIVER 1 Albon
80%
NAME OF TEAM Aston Martin
80%
DRIVER 2 Sainz
80%
DRIVER 2 Tsunoda
80%
NAME OF TEAM Williams
80%
DRIVER 2 Bearman
77%
NAME OF TEAM Haas
77%
DRIVER 1 Ocon
77%
COLOUR Orange
77%
PRINCIPAL Wolff
77%
DRIVER 1 Alonso
73%
NAME OF TEAM Alpine
73%
PRINCIPAL Horner
70%
DRIVER 1 Hulkenberg
70%
COLOUR pink
70%
DRIVER 2 Stroll
70%
DRIVER 2 Bortoleto
67%
DRIVER 1 Gasly
67%
DRIVER 2 Lawson
67%
NAME OF TEAM Sauber
67%
DRIVER 2 Colapinto
63%
DRIVER 1 Hadjar
63%
COLOUR white
63%
NAME OF TEAM Racing Bulls
57%
PRINCIPAL Vasseur
57%
1 Australia
50%
11 Austria
50%
13 Belgium
50%
10 Canada
50%
2 China
50%
COLOUR grey
50%
14 Hungary
50%
7 Italy
50%
16 Italy
50%
3 Japan
50%
8 Monaco
50%
9 Spain
50%
12 United Kingdom
50%
6 Usa
50%
19 Usa
50%
22 Usa
50%
24 Abu Dhabi
47%
4 Bahrain
47%
21 Brazil
47%
20 Mexico
47%
15 Netherlands
47%
5 Saudi Arabia
47%
COLOUR dark green
43%
23 Qatar
43%
17 Azerbaijan
40%
18 Singapore
40%
COLOUR light blue
37%
COLOUR light Green
30%
PRINCIPAL Briatore
23%
PRINCIPAL Stela
23%
PRINCIPAL Mekies
20%
PRINCIPAL Wolves
20%
PRINCIPAL Komatsu
13%
PRINCIPAL Cowell
7%
PRINCIPAL Wheatley
7%
No matching quizzes found
Score Distribution
Percent of People with Each Score
Percentile by Number Answered
Your Score History
You have not taken this quiz since the last reset